000 00612nam a2200121Ia 4500
008 220620s9999||||xx |||||||||||||| ||und||
100 _aWerler, Tobias
245 0 _aChapter 4 Workshop-Didaktik for Cooperation in a Contingent World
546 _aEnglish[eng]
650 _aSamhandling||interaction||didactic||education||training||learning||unforeseen
856 _uhttps://library.oapen.org/bitstream/20.500.12657/28317/1/Interaction_ch4.pdf||https://library.oapen.org/bitstream/20.500.12657/28317/1/Interaction_ch4.pdf||https://library.oapen.org/bitstream/20.500.12657/28317/1/Interaction_ch4.pdf
942 _cEB
999 _c26073
_d26073